| 000 | 01024cab a2200289 4500 | ||
|---|---|---|---|
| 001 | ABS55472 | ||
| 008 | 090401t1996 xxu||||| |||| 00| 0 eng d | ||
| 035 | _a(Sirsi) u16749 | ||
| 041 | _aeng | ||
| 100 | _aNorris, P | ||
| 245 | _aFire safety in historic buildings in Bath - Pt 2 | ||
| 260 | _c1996 | ||
| 350 | _a0 | ||
| 490 |
_aBuilding Engineer _v71(6) July 1996, 10-12(3) |
||
| 520 | _aInvestigates the usefulness of fire engineering design methods to Georgian properties in Bath. Suggests that a combination of computer modelling techniques, analysis of statistics and methodology can provide a solution to Bath`s unique problems. (See ABS55296 for pt 1). | ||
| 650 | _aBATH | ||
| 650 | _aCOMPUTER MODELS | ||
| 650 | _aFIRE ENGINEERING | ||
| 650 | _aMANAGEMENT-HEALTH AND SAFETY-FIRE SAFETY | ||
| 650 | _aHISTORIC BUILDINGS | ||
| 650 | _aLISTED BUILDINGS | ||
| 690 | _aBUILT ENVIRONMENT-BUILDING STANDARDS | ||
| 700 | _aGardner, J. | ||
| 700 | _aDavidson, M. | ||
| 942 | _n0 | ||
| 948 | _c04/03/1997 | ||
| 999 |
_c11071 _d11071 |
||